Statistics for The Maze Runner (Book 3 - The Death Cure)

Click here to take the quiz!

General Stats

  • This quiz has been taken 611 times
  • The average score is 10 of 15

Answer Stats

HintAnswer% Correct
Who is not immune from the flare out of the Gladers?Newt
95%
Who kills Newt?Thomas
90%
What is Rat-Man's real name?A.D. Janson
85%
Who kisses Thomas when they make it to 'Paradise'?Brenda
80%
Who is killed by falling rubble?Teresa
79%
Who is angry to be back in the Maze and not allowed to cook?Frypan
77%
What organ does WICKED want to cut out of Thomas to find a cure?His Brain
72%
What city do they go to after they escape from WICKED Headquarters?Denver
69%
Who sends a message to Thomas when they arrive in Denver?Gally
64%
What organisation is kidnapping immune people to mimick WICKED?The Right Arm
64%
What is the name of the place where Newt is taken?Crank Palace
61%
What is the nickname given to people who are immune to the Flare?Munies
60%
Who stops the operation and gives Thomas instructions to save the immune people and leave WICKED Headquarters?Chancellor Ava Paige
55%
Where are the Immune people hidden?The Maze
48%
What are they going to remove from the Gladers and group B to give them back their memories?The Swipe
29%

Score Distribution

Percentile by Number Answered

Percent of People with Each Score

Your Score History

You have not taken this quiz